000 00709cam a22002172 4500
001 0000023681
005 20151217152246.0
008 130318s xx 000 0 eng d
020 _a0310511402
040 _aKABU
_cKABU
050 0 _aBV4012.2
_b.A33 1970
100 1 _aAdams, Jay E.
_@0000149655
245 1 0 _aCompetent to counsel :
_bintroduction to Nouthetic counseling /
_cJay E. Adams.
260 _aGrand Rapids, Michigan :
_bZondervan,
_c1970.
300 _axxii, 287 p.
650 0 _aPastoral counseling.
_@0000149278
852 1 _9p800 KES
852 1 _9p800 KES
908 _a130318
950 _@1
999 _c9929
_d9929